000 00776nam a2200253 i 4500
003 DO-SdBNP
005 20251127122942.0
007 ta
008 251127b1998 dr ||||| |||| 00| 0 spa d
040 _aDO-SdBNP
_bspa
_cBNPHU
_erda
041 _aspa
082 4 _axxx
_bxxx
_222
100 _aSosa Pérez, Rosalía,
_eautor
_4aut.
_965003
245 1 3 _aEl derecho a la defensa en un estado de derecho /
_cRosalía Sosa Pérez
264 1 _aSanto Domingo :
_bEditor no identificado,
_c1998.
300 _a163 páginas ;
_c21 cm.
336 _atexto
_btxt
_2rdacontent
337 _asin mediación
_bn
_2rdamedia
338 _avolumen
_bnc
_2rdacarrier
504 _aBibliográfia : página 158-163
590 _aInventariado, 2025/BT
910 _aBtavárez
942 _2ddc
_cLBS1
999 _c60087
_d60087